Statystyki dla Wszystkie kraje na literę I

Kliknij tutaj aby rozwiązać quiz!

Ogólne statystyki

  • Ten quiz został rozwiązany 124 razy
  • Średni wynik to 6 z 7

Statystyki odpowiedzi

HintOdpowiedź% Poprawnych
AzjaIran
92%
AzjaIrak
91%
AzjaIndonezja
89%
EuropaIrlandia
89%
EuropaIslandia
86%
AzjaIndie
79%
AzjaIzrael
66%

Rozkład punktacji

Percentyl według liczby udzielonych odpowiedzi

Procent ludzi z każdym wynikiem

Twoja historia wyników

Nie rozwiązałeś tego quizu